| 000 | 00952nam a22002417a 4500 | ||
|---|---|---|---|
| 999 |
_c6940 _d6940 |
||
| 003 | AR-CdUCM | ||
| 008 | 190319b ||||| |||| 00| 0 spa d | ||
| 040 |
_aMUNICIPALIDAD PROVINCIAL DEL CUSCO _cBIBLIOTECA MUNICIPAL DEL CUSCO |
||
| 041 | _heng. | ||
| 082 |
_a510 / _bT27 |
||
| 110 |
_aNational Council of Teachers of Mathematics : U.S.A. _919555 |
||
| 245 | _aSimetría, congruencia y semejanza / | ||
| 260 |
_aMexico : _bCentro Regional de Ayuda Técnica,. Agencia para el Desarrollo Internacional (A.I.D.), _c1970. |
||
| 300 |
_a62 paginas ; _c23 cm. |
||
| 440 |
_aColección Temas de Matemática _919556 |
||
| 505 | _aContenido :Simetría --congruencia --Clasificación de las figuras planas --Semejanzas --figuras tridimensionales / | ||
| 650 |
_aGeometría _918656 |
||
| 650 |
_aSimetría _919557 |
||
| 650 |
_aMatemática _919387 |
||
| 710 |
_aCentro Regional de Ayuda Técnica (México) _919558 |
||
| 942 |
_2ddc _cLIBROS |
||
| 945 | _arjall | ||